A quien los dioses destruyen: elementos de la locura griega y clásica

Saved in:
Bibliografiske detaljer
Hovedforfatter: Padel, Ruth (autora)
Format: Bog
Sprog:spansk
Udgivet: Madrid Sexto Piso 2009
Udgivelse:1a. ed
Fag:
Tags: Tilføj Tag
Ingen Tags, Vær først til at tagge denne postø!

MARC

LEADER 00000cam a2200000 a 4500
001 UCF2028
003 CL-VaPUC
008 120802e20090000SP |||||||||||||||||spa|d
020 |a 9788496867406 
082 0 4 |a 801.9  |b PAD  |2 21 
100 |a Padel, Ruth  |e autora  |9 563608 
245 1 0 |a A quien los dioses destruyen: elementos de la locura griega y clásica 
250 |a 1a. ed 
300 |a 438 p 
942 |c BK 
945 |d 20120802 00:00:00  |a dcastane 
260 |a Madrid  |b Sexto Piso  |c 2009 
650 0 |a Sociología de la literatura  |9 321948 
650 7 |a LOCURA  |2 CL-VaPUC  |9 497956 
650 0 |a Aspectos literarios   |9 563609 
583 |a last modification  |c 20120806 12:46:24  |k Rodrigo Vera 
999 |c 348701  |d 348699 
952 |0 0  |1 0  |4 0  |6 801_900000000000000_PAD_2009  |7 0  |8 A  |9 450840  |a BIBART  |b BIBART  |d 2019-11-22  |i 4883446  |o 801.9 PAD 2009  |p 4883446  |r 2025-03-13  |w 2019-11-22  |y BK  |k ART